[Event "Volgograd Christmas op"]
[Site "Volgograd"]
[Date "2010.01.07"]
[Round "5"]
[White "Osmanov, Vadim"]
[Black "Yurchenko, Yuri"]
[Result "1-0"]
[WhiteElo "2029"]
[BlackElo "2191"]
[PlyCount "111"]
[EventDate "2010.01.03"]
[EventType "swiss"]
[EventRounds "9"]
[EventCountry "RUS"]
[SourceTitle "CBM 134 Extra"]
[Source "ChessBase"]
[SourceDate "2010.03.03"]
[SourceVersion "1"]
[SourceVersionDate "2010.03.03"]
[SourceQuality "1"]

1. d4 d6 2. c4 Nd7 3. Nc3 c6 4. e4 e5 5. d5 Ngf6 6. Bd3 Be7 7. Nge2 0-0 8. 0-0 c5 9. a3 Re8 10. b4 b6 11. Ng3 Nf8 12. b5 Ng6 13. a4 h6 14. f3 Nh4 15. Be3 g5 16. a5 Bd7 17. Qd2 Ng6 18. Ra3 Qb8 19. Nf5 Bxf5 20. exf5 Nf4 21. g3 N4h5 22. Kg2 Kh8 23. Rfa1 Bd8 24. axb6 Bxb6 25. Ra6 Re7 26. Rh1 Qg8 27. Na4 Nd7 28. Ra1 Rae8 29. Nxb6 axb6 30. Ra7 Nf4+ 31. gxf4 gxf4+ 32. Kh1 fxe3 33. Qxe3 Qg5 34. Qxg5 hxg5 35. Be4 Nf6 36. Rxe7 Rxe7 37. Ra8+ Kg7 38. Rd8 g4 39. Rxd6 gxf3 40. Bxf3 e4 41. Be2 Re5 42. Rxb6 Rxf5 43. Ra6 Rf2 44. Ra2 Nd7 45. Kg1 e3 46. d6 Kf6 47. Ra7 Rxe2 48. Rxd7 Ke6 49. Rd8 Rb2 50. h4 Rb4 51. h5 Rxc4 52. h6 Rh4 53. b6 e2 54. Kf2 Rxh6 55. b7 Rh2+ 56. Ke1 1-0

[Event "Gorodovikovsk Bashanta Spring"]
[Site "Gorodovikovsk"]
[Date "2009.04.20"]
[Round "7"]
[White "Osmanov, Vadim"]
[Black "Grigoryan, Artur"]
[Result "0-1"]
[WhiteElo "1976"]
[BlackElo "2192"]
[PlyCount "90"]
[EventDate "2009.04.20"]
[EventType "tourn"]
[EventRounds "11"]
[EventCountry "RUS"]
[SourceTitle "EXT 2022"]
[Source "ChessBase"]
[SourceDate "2021.10.06"]
[SourceVersion "1"]
[SourceVersionDate "2021.10.06"]
[SourceQuality "1"]

1. d4 Nf6 2. c4 c5 3. d5 b5 4. cxb5 a6 5. b6 Qxb6 6. Nc3 d6 7. e4 g6 8. Nf3 Bg7 9. Nd2 0-0 10. Nc4 Qc7 11. Bd3 Nbd7 12. Na4 Rb8 13. Bd2 Ne8 14. 0-0 Ne5 15. Bc3 Nxc4 16. Bxg7 Kxg7 17. Bxc4 Bd7 18. Rb1 Rb4 19. Bb3 Bb5 20. Re1 Rd4 21. Qc2 Bd3 22. Qc1 Bxe4 23. Bc2 Bxd5 24. Nc3 Bb7 25. Re3 Nf6 26. Rh3 h5 27. Ne2 Rc4 28. b3 Rxc2 29. Qxc2 Be4 30. Qc1 Bxb1 31. Qxb1 d5 32. Qc1 Qd6 33. Ng3 Rh8 34. Qg5 Qe6 35. Qc1 c4 36. bxc4 dxc4 37. Rh4 Rc8 38. Qc3 Kg8 39. h3 Rc5 40. Qb4 Qc8 41. Qc3 Qc6 42. Nf1 Nd5 43. Qc1 c3 44. g4 Rc4 45. Ng3 Nf4 0-1

[Event "Elista Chess City op 10th"]
[Site "Elista"]
[Date "2008.09.17"]
[Round "2"]
[White "Osmanov, Vadim"]
[Black "Utnasunov, Alexander"]
[Result "1-0"]
[WhiteElo "1975"]
[BlackElo "2447"]
[PlyCount "98"]
[EventDate "2008.09.16"]
[EventType "swiss"]
[EventRounds "9"]
[EventCountry "RUS"]
[SourceTitle "CBM 126 Extra"]
[Source "ChessBase"]
[SourceDate "2008.11.05"]
[SourceVersion "1"]
[SourceVersionDate "2008.11.05"]
[SourceQuality "1"]

1. d4 d5 2. c4 c6 3. cxd5 cxd5 4. Nc3 Nf6 5. Nf3 Nc6 6. Bf4 Bf5 7. e3 e6 8. Bd3 Bg4 9. h3 Bh5 10. 0-0 Bd6 11. Bxd6 Qxd6 12. Nb5 Qd8 13. Qb3 0-0 14. Ne5 Na5 15. Qb4 Qb6 16. Qc5 Rfc8 17. Qxb6 axb6 18. Rfc1 Ne8 19. Nd7 Rc6 20. Ne5 Rcc8 21. Nd7 Rc6 22. b4 Nc4 23. Bxc4 dxc4 24. Ne5 Rcc8 25. Nxc4 Be2 26. Ncd6 Rc6 27. Nxe8 Bxb5 28. Rxc6 Bxc6 29. Nd6 b5 30. e4 f5 31. f3 Kf8 32. a3 Ke7 33. e5 Kd7 34. Kf2 g5 35. g3 h5 36. f4 g4 37. h4 Ra6 38. Ke3 Ra8 39. Kd2 Ra6 40. Kc3 Be4 41. Kb2 Kc6 42. Rc1+ Kd5 43. Nxb5 Rc6 44. Rxc6 bxc6 45. Nc7+ Kxd4 46. Nxe6+ Ke3 47. Ng7 Bd5 48. e6 c5 49. bxc5 Kf3 1-0